[Event "PHI-ch"]
[Site "Quezon City"]
[Date "2019.11.22"]
[Round "5"]
[White "Docena, Jerad"]
[Black "Gomez, John Paul"]
[Result "1/2-1/2"]
[WhiteElo "2420"]
[BlackElo "2433"]
[PlyCount "60"]
[EventDate "2019.11.20"]
[EventType "tourn"]
[EventRounds "11"]
[EventCountry "PHI"]
[EventCategory "6"]
[SourceTitle "CBM 193 Extra"]
[Source "ChessBase"]
[SourceDate "2020.01.31"]
[SourceVersion "1"]
[SourceVersionDate "2020.01.31"]
[SourceQuality "1"]

1. e4 e6 2. d4 d5 3. Nd2 Nf6 4. e5 Nfd7 5. f4 c5 6. Ngf3 Nc6 7. Nb3 a5 8. a4 Qb6 9. c3 f6 10. exf6 gxf6 11. Be2 c4 12. Nbd2 Bg7 13. Nf1 f5 14. Ng3 Nf6 15. Ne5 0-0 16. 0-0 Bd7 17. Kh1 Be8 18. b3 Qxb3 19. Qxb3 cxb3 20. Ba3 h5 21. Bxf8 Kxf8 22. Rfb1 Bh6 23. Nd3 h4 24. Nf1 Nd8 25. Rxb3 Ne4 26. Ne3 Rc8 27. Nd1 Rc4 28. N3b2 Rc7 29. Nd3 Rc4 30. N3b2 Rc7 1/2-1/2

[Event "PHI-ch"]
[Site "Quezon City"]
[Date "2019.11.22"]
[Round "4"]
[White "Frayna, Janelle Mae"]
[Black "Docena, Jerad"]
[Result "0-1"]
[WhiteElo "2206"]
[BlackElo "2420"]
[PlyCount "104"]
[EventDate "2019.11.20"]
[EventType "tourn"]
[EventRounds "11"]
[EventCountry "PHI"]
[EventCategory "6"]
[SourceTitle "CBM 193 Extra"]
[Source "ChessBase"]
[SourceDate "2020.01.31"]
[SourceVersion "1"]
[SourceVersionDate "2020.01.31"]
[SourceQuality "1"]

1. e4 c5 2. Nf3 d6 3. Bb5+ Nd7 4. d4 cxd4 5. Qxd4 Ngf6 6. Nc3 a6 7. Bxd7+ Bxd7 8. Bg5 e6 9. a4 Be7 10. 0-0 h6 11. Bh4 g5 12. Bg3 e5 13. Qd3 Rc8 14. a5 Qc7 15. Nd2 Qc5 16. Nb3 Qc4 17. Qxc4 Rxc4 18. Nd2 Rc6 19. Rfd1 Be6 20. Nf1 h5 21. h4 gxh4 22. Bxh4 Nxe4 23. Nxe4 Bxh4 24. Rxd6 Rxc2 25. Rb6 Bd5 26. Ne3 Bxe4 27. Nxc2 Bxc2 28. Rxb7 0-0 29. b4 Bd3 30. Rc1 Kg7 31. Rcc7 Kg6 32. Rd7 Bb5 33. Rd5 Rc8 34. Rdxb5 axb5 35. g3 Bf6 36. Rxb5 Rc1+ 37. Kg2 e4 38. a6 Ra1 39. Rb6 Ra2 40. Kf1 Kf5 41. Rd6 Be5 42. Rc6 Bd4 43. b5 Rxf2+ 44. Ke1 Ra2 45. Kd1 e3 46. b6 e2+ 47. Ke1 Rxa6 48. b7 Ra1+ 49. Kxe2 Rb1 50. Rc7 f6 51. Kd3 Be5 52. Rg7 Rb4 0-1

[Event "ASEAN-ch 4th"]
[Site "Bac Giang"]
[Date "2019.10.28"]
[Round "5"]
[White "Nguyen, Hoang Nam2222"]
[Black "Docena, Jerad"]
[Result "1-0"]
[WhiteElo "2162"]
[BlackElo "2416"]
[PlyCount "76"]
[EventDate "2019.10.25"]
[EventType "swiss"]
[EventRounds "9"]
[EventCountry "VIE"]
[SourceTitle "CBM 192 Extra"]
[Source "Chessbase"]
[SourceDate "2019.11.06"]
[SourceVersion "1"]
[SourceVersionDate "2019.11.06"]
[SourceQuality "1"]

1. e4 c5 2. Nf3 e6 3. c3 Nf6 4. d3 Nc6 5. Be2 Qc7 6. 0-0 d5 7. Nbd2 Bd6 8. Re1 0-0 9. Bf1 e5 10. exd5 Nxd5 11. Nc4 Bg4 12. g3 Nb6 13. Ne3 Bh5 14. Bg2 Rad8 15. Qc2 Rfe8 16. a4 a5 17. Nd2 f6 18. Ndc4 Bf7 19. Qb3 Nc8 20. Nd5 Qd7 21. Ndb6 Qc7 22. Nxc8 Qxc8 23. Qb5 Bf8 24. Be3 Qc7 25. Be4 Ra8 26. Bxc5 Na7 27. Bxa7 Rxa7 28. Bd5 Qc5 29. Qxe8 Qxd5 30. Qb5 Qxd3 31. Nb6 Qxb5 32. axb5 Bc5 33. Nd7 Be7 34. b4 Be8 35. Nb6 Bd8 36. Nc8 Ra8 37. Nd6 Bd7 38. Nxb7 Be7 1-0

[Event "Asian Continental op 17th"]
[Site "Makati"]
[Date "2018.12.16"]
[Round "7"]
[White "Bilguun, Sumiya"]
[Black "Docena, Jerad"]
[Result "1/2-1/2"]
[WhiteElo "2497"]
[BlackElo "2426"]
[PlyCount "94"]
[EventDate "2018.12.10"]
[EventType "swiss"]
[EventRounds "9"]
[EventCountry "PHI"]
[SourceTitle "CBM 187 Extra"]
[Source "ChessBase"]
[SourceDate "2018.11.04"]
[SourceVersion "1"]
[SourceVersionDate "2018.11.04"]
[SourceQuality "1"]

1. e4 c5 2. Nf3 Nc6 3. Nc3 d6 4. d4 cxd4 5. Nxd4 Nf6 6. Bg5 e6 7. Qd2 a6 8. 0-0-0 Bd7 9. f3 Nxd4 10. Qxd4 Be7 11. h4 Qc7 12. Qd2 b5 13. Ne2 a5 14. g4 b4 15. Kb1 h5 16. gxh5 Nxh5 17. Rg1 Nf6 18. Ng3 a4 19. f4 b3 20. cxb3 axb3 21. a3 Qc2+ 22. Qxc2 bxc2+ 23. Kxc2 Ng4 24. Bxe7 Kxe7 25. Rd3 Rxh4 26. Rh1 Rxh1 27. Nxh1 Rh8 28. Rh3 Rc8+ 29. Kd2 e5 30. fxe5 dxe5 31. b4 Nf6 32. Re3 Ba4 33. Bd3 Nh5 34. Nf2 Nf4 35. Bb1 Rd8+ 36. Kc3 Rc8+ 37. Kb2 Rd8 38. Nd3 Nxd3+ 39. Bxd3 Rc8 40. Rf3 g6 41. Rf2 Rc6 42. Rg2 Rc8 43. Bb1 Rh8 44. Bc2 Bxc2 45. Rxc2 f5 46. b5 f4 47. Kc3 Rc8+ 1/2-1/2

[Event "Asian Continental op 17th"]
[Site "Makati"]
[Date "2018.12.15"]
[Round "6"]
[White "Docena, Jerad"]
[Black "Song, Yuxin"]
[Result "1/2-1/2"]
[WhiteElo "2426"]
[BlackElo "2178"]
[PlyCount "56"]
[EventDate "2018.12.10"]
[EventType "swiss"]
[EventRounds "9"]
[EventCountry "PHI"]
[SourceTitle "CBM 187 Extra"]
[Source "ChessBase"]
[SourceDate "2018.11.04"]
[SourceVersion "1"]
[SourceVersionDate "2018.11.04"]
[SourceQuality "1"]

1. e4 c5 2. c3 Nf6 3. e5 Nd5 4. Nf3 Nc6 5. Bc4 Nb6 6. Bb3 d6 7. exd6 Qxd6 8. Na3 a6 9. 0-0 Bf5 10. d4 cxd4 11. Nxd4 Nxd4 12. cxd4 e6 13. Bg5 Be7 14. Bxe7 Qxe7 15. Qf3 Qd7 16. Rad1 Rd8 17. Nc4 Nxc4 18. Bxc4 0-0 19. d5 exd5 20. Rxd5 Qc8 21. Qxf5 Qxc4 22. Rfd1 Rxd5 23. Qxd5 Qxd5 24. Rxd5 Rc8 25. g4 Kf8 26. Rd7 b5 27. Ra7 Rc2 28. Rxa6 Rxb2 1/2-1/2

[Event "Asian Continental op 17th"]
[Site "Makati"]
[Date "2018.12.11"]
[Round "2"]
[White "Docena, Jerad"]
[Black "Nouri, Alekhine"]
[Result "1/2-1/2"]
[WhiteElo "2426"]
[BlackElo "2013"]
[PlyCount "66"]
[EventDate "2018.12.10"]
[EventType "swiss"]
[EventRounds "9"]
[EventCountry "PHI"]
[SourceTitle "CBM 187 Extra"]
[Source "ChessBase"]
[SourceDate "2018.11.04"]
[SourceVersion "1"]
[SourceVersionDate "2018.11.04"]
[SourceQuality "1"]

1. e4 c5 2. c3 Nf6 3. e5 Nd5 4. Nf3 Nc6 5. Bc4 Nb6 6. Bb3 d5 7. exd6 Qxd6 8. Na3 c4 9. Nxc4 Nxc4 10. Bxc4 Bf5 11. d4 e6 12. Bg5 Rc8 13. 0-0 Be7 14. Bxe7 Nxe7 15. Bb5+ Kf8 16. Qd2 h5 17. Rfe1 h4 18. h3 Rh6 19. Bd3 Bxd3 20. Qxd3 Nd5 21. Re4 g5 22. Nxg5 Rg6 23. Rg4 f5 24. Re1 Ne7 25. Ne4 fxe4 26. Qxe4 Rxg4 27. hxg4 Kg7 28. g5 Rh8 29. Qxe6 Qxe6 30. Rxe6 Ng6 31. c4 Rf8 32. d5 Rf4 33. b3 Rd4 1/2-1/2

[Event "Olongapo City Puregold op"]
[Site "Olongapo City"]
[Date "2015.11.21"]
[Round "9"]
[White "Torre, Eugenio"]
[Black "Docena, Jerad"]
[Result "0-1"]
[WhiteElo "2468"]
[BlackElo "2319"]
[PlyCount "126"]
[EventDate "2015.11.16"]
[EventType "game"]
[EventRounds "10"]
[EventCountry "PHI"]
[SourceTitle "CBM 169 Extra"]
[Source "ChessBase"]
[SourceDate "2015.12.18"]
[SourceVersion "1"]
[SourceVersionDate "2015.12.18"]
[SourceQuality "1"]

1. d4 Nf6 2. Bg5 c5 3. Bxf6 gxf6 4. dxc5 e6 5. Nd2 Qa5 6. c3 Qxc5 7. Ne4 Qe5 8. Qd4 Qxd4 9. cxd4 Bb4+ 10. Nc3 b6 11. Rc1 Nc6 12. e3 Bb7 13. a3 Bxc3+ 14. Rxc3 Ke7 15. f3 f5 16. Bb5 Rag8 17. Bxc6 dxc6 18. Kf2 Rd8 19. Ne2 c5 20. Rhc1 cxd4 21. Rc7+ Rd7 22. Nxd4 Rhd8 23. Rxb7 Rxb7 24. Nc6+ Ke8 25. Nxd8 Kxd8 26. Rc4 Ke7 27. Ke2 Rd7 28. Rh4 Rc7 29. Kd3 Rd7+ 30. Kc3 Rc7+ 31. Rc4 Rd7 32. a4 Kf6 33. b4 Rd1 34. Rd4 Rc1+ 35. Kb3 Re1 36. Kc4 Rxe3 37. Kb5 Ra3 38. f4 h5 39. g3 Ra2 40. h4 Ra3 41. a5 bxa5 42. bxa5 Rxg3 43. Ka6 Ra3 44. Rc4 Kg6 45. Rc5 Ra4 46. Kxa7 Rxf4 47. Kb6 Rb4+ 48. Rb5 Rxh4 49. a6 Rd4 50. Rc5 Rd8 51. Kb7 h4 52. a7 h3 53. Rc3 Rd7+ 54. Kb6 Rxa7 55. Kxa7 f4 56. Rxh3 Kf5 57. Kb6 Ke4 58. Kc5 f3 59. Rh4+ Ke5 60. Rh1 Kf4 61. Kd4 f2 62. Kd3 Kf3 63. Ra1 e5 0-1

[Event "Olongapo City Puregold op"]
[Site "Olongapo City"]
[Date "2015.11.19"]
[Round "6"]
[White "Docena, Jerad"]
[Black "Abelgas, Roel"]
[Result "1/2-1/2"]
[WhiteElo "2319"]
[BlackElo "2316"]
[PlyCount "136"]
[EventDate "2015.11.16"]
[EventType "game"]
[EventRounds "10"]
[EventCountry "PHI"]
[SourceTitle "CBM 169 Extra"]
[Source "ChessBase"]
[SourceDate "2015.12.18"]
[SourceVersion "1"]
[SourceVersionDate "2015.12.18"]
[SourceQuality "1"]

1. e4 c6 2. d3 d5 3. Nd2 e5 4. Ngf3 Bd6 5. g3 Nf6 6. Bg2 0-0 7. 0-0 Re8 8. b3 Nbd7 9. Re1 Qc7 10. a4 Bf8 11. Bb2 g6 12. d4 exd4 13. Bxd4 c5 14. Bb2 d4 15. c3 dxc3 16. Bxc3 b6 17. e5 Nd5 18. Bb2 Bb7 19. Nc4 Rad8 20. Ng5 Nb8 21. Qf3 Bc6 22. e6 f5 23. Nf7 Nb4 24. Qe2 Bxg2 25. Nxd8 Be4 26. Nf7 Rxe6 27. Ng5 Re7 28. Bf6 Re8 29. f3 h6 30. Nxe4 fxe4 31. fxe4 N8c6 32. Rad1 Nd4 33. Bxd4 cxd4 34. Kg2 d3 35. Qf3 Bg7 36. e5 Re6 37. Qg4 Qc6+ 38. Qe4 Nc2 39. Qxc6 Nxe1+ 40. Rxe1 Rxc6 41. Kf3 Kf7 42. Ke4 Ke6 43. Kxd3 a6 44. Kd4 b5 45. axb5 axb5 46. Na3 Rd6+ 47. Kc5 Rd5+ 48. Kc6 b4 49. Nb5 Rxe5 50. Nd4+ Kf6 51. Rxe5 Kxe5 52. Nc2 Bf8 53. Kb5 Ke4 54. Nxb4 Kf3 55. Nd3 g5 56. Kc6 Kg2 57. Nc5 Kxh2 58. b4 Be7 59. b5 Bd8 60. Nb7 Bf6 61. Kd5 Kxg3 62. b6 h5 63. Nc5 Bd8 64. b7 Bc7 65. Kc6 Bb8 66. Nd7 Bf4 67. Kd5 Bc7 68. Kc6 Bf4 1/2-1/2

[Event "Olongapo City Puregold op"]
[Site "Olongapo City"]
[Date "2015.11.17"]
[Round "3"]
[White "Docena, Jerad"]
[Black "Narayanan, Sunilduth Lyna"]
[Result "1/2-1/2"]
[WhiteElo "2319"]
[BlackElo "2481"]
[PlyCount "154"]
[EventDate "2015.11.16"]
[EventType "game"]
[EventRounds "10"]
[EventCountry "PHI"]
[SourceTitle "CBM 169 Extra"]
[Source "ChessBase"]
[SourceDate "2015.12.18"]
[SourceVersion "1"]
[SourceVersionDate "2015.12.18"]
[SourceQuality "1"]

1. e4 c6 2. Nc3 d5 3. Nf3 Bg4 4. h3 Bxf3 5. Qxf3 e6 6. d3 Nf6 7. Bd2 d4 8. Ne2 c5 9. g4 Nc6 10. g5 Nd7 11. Qg3 c4 12. dxc4 Nc5 13. 0-0-0 Nxe4 14. Qf4 Nxd2 15. Qxd2 Bb4 16. Qf4 e5 17. Qg4 0-0 18. Bg2 Na5 19. Bd5 Rc8 20. f4 Nxc4 21. Bxc4 Rxc4 22. fxe5 Qc7 23. Nxd4 Qxe5 24. Kb1 g6 25. c3 Bc5 26. Rhe1 Qc7 27. Re4 Qb6 28. Nb3 Rxe4 29. Qxe4 Be3 30. h4 Qe6 31. Qxe6 fxe6 32. Nd4 Rd8 33. Kc2 e5 34. Nf3 Re8 35. Kd3 Bf2 36. Ke4 Rf8 37. Nxe5 Bxh4 38. Nd7 Rf2 39. Nf6+ Kf7 40. Nxh7 Ke7 41. Rh1 Bg3 42. Rb1 Rf4+ 43. Ke3 Rf5 44. Ke4 Rf4+ 45. Ke3 Rh4 46. Kf3 Be5 47. Re1 Kd6 48. Nf6 Rf4+ 49. Ke3 Ke6 50. Rh1 Rf5 51. Ne4 Bf4+ 52. Ke2 Kd5 53. Kd3 Bxg5 54. Nxg5 Rxg5 55. Rh7 Rg3+ 56. Kc2 Kc6 57. b4 a6 58. a4 Rg1 59. a5 g5 60. Kd3 Rd1+ 61. Kc4 Rd7 62. Rxd7 Kxd7 63. Kd5 g4 64. Ke4 Kd6 65. c4 g3 66. Kf3 Ke5 67. b5 Kd4 68. bxa6 bxa6 69. Kxg3 Kxc4 70. Kf3 Kb4 71. Ke3 Kxa5 72. Kd2 Kb4 73. Kc2 a5 74. Kb2 a4 75. Ka2 a3 76. Kb1 Kb3 77. Ka1 a2 1/2-1/2

[Event "Olongapo City op"]
[Site "Olongapo City"]
[Date "2015.11.13"]
[Round "7"]
[White "Pascua, Haridas"]
[Black "Docena, Jerad"]
[Result "0-1"]
[WhiteElo "2462"]
[BlackElo "2319"]
[PlyCount "56"]
[EventDate "2015.11.09"]
[EventType "swiss"]
[EventRounds "10"]
[EventCountry "PHI"]
[SourceTitle "CBM 169 Extra"]
[Source "ChessBase"]
[SourceDate "2015.12.18"]
[SourceVersion "1"]
[SourceVersionDate "2015.12.18"]
[SourceQuality "1"]

1. d4 Nf6 2. c4 e6 3. Nc3 Bb4 4. f3 Nc6 5. e4 d5 6. cxd5 exd5 7. e5 Ng8 8. Be3 f6 9. exf6 Nxf6 10. Qd2 Na5 11. Bd3 0-0 12. Nge2 Nc4 13. Bxc4 dxc4 14. 0-0 Be6 15. Rfe1 Qd7 16. a3 Ba5 17. Nf4 Bf7 18. Bf2 Rad8 19. Rad1 c6 20. Qc1 b5 21. Re2 Bb6 22. Ne4 Nxe4 23. fxe4 g5 24. Nh3 h6 25. Nxg5 Bh5 26. Nf3 Rxf3 27. gxf3 Bxf3 28. Ree1 Qh3 0-1

[Event "Olongapo City op"]
[Site "Olongapo City"]
[Date "2015.11.12"]
[Round "6"]
[White "Pedersen, Nicolai Vesterbaek"]
[Black "Docena, Jerad"]
[Result "0-1"]
[WhiteElo "2403"]
[BlackElo "2319"]
[PlyCount "72"]
[EventDate "2015.11.09"]
[EventType "swiss"]
[EventRounds "10"]
[EventCountry "PHI"]
[SourceTitle "CBM 169 Extra"]
[Source "ChessBase"]
[SourceDate "2015.12.18"]
[SourceVersion "1"]
[SourceVersionDate "2015.12.18"]
[SourceQuality "1"]

1. d4 Nf6 2. c4 g6 3. Nc3 Bg7 4. e4 d6 5. f3 0-0 6. Nge2 e5 7. d5 c6 8. Be3 a6 9. Qd2 cxd5 10. cxd5 b5 11. Nc1 Nh5 12. Nd3 f5 13. Nb4 Bd7 14. 0-0-0 Nf6 15. Nc6 Nxc6 16. dxc6 Bxc6 17. exf5 d5 18. Bc5 gxf5 19. Bxf8 Qxf8 20. Qg5 d4 21. Ne2 Be8 22. f4 Ng4 23. Ng3 Bg6 24. Nh5 Bh6 25. Qh4 Qd8 26. Qh3 Nf2 27. Qb3+ Kh8 28. Be2 Qg8 29. g3 Qxb3 30. axb3 Nxh1 31. Rxh1 e4 32. Kd2 d3 33. Bd1 Rc8 34. Nf6 Bg7 35. Nd5 Bxb2 36. g4 Bc1+ 0-1

[Event "PHI-ch"]
[Site "Manila"]
[Date "2015.10.26"]
[Round "4"]
[White "Docena, Jerad"]
[Black "Bitoon, Richard"]
[Result "1/2-1/2"]
[WhiteElo "2270"]
[BlackElo "2417"]
[PlyCount "102"]
[EventDate "2015.10.24"]
[EventType "tourn"]
[EventRounds "11"]
[EventCountry "PHI"]
[EventCategory "6"]
[SourceTitle "CBM 169 Extra"]
[Source "ChessBase"]
[SourceDate "2015.12.18"]
[SourceVersion "1"]
[SourceVersionDate "2015.12.18"]
[SourceQuality "1"]

1. e4 c5 2. Nf3 e6 3. d4 cxd4 4. Nxd4 Nc6 5. Nc3 Qc7 6. Be3 a6 7. Qd2 Nf6 8. 0-0-0 b5 9. Bf4 Qb6 10. e5 Qxd4 11. Qxd4 Nxd4 12. exf6 Nc6 13. fxg7 Bxg7 14. Bd6 Bb7 15. Ne4 Ne5 16. Nc5 Bc6 17. f4 Ng4 18. Rd2 Bf8 19. Bxf8 Rxf8 20. Bd3 Nf6 21. Re1 Ke7 22. Nb3 Bd5 23. Nd4 Rfc8 24. Kb1 b4 25. h3 h5 26. Nf5+ Kf8 27. Ne3 Bb7 28. g4 Rc5 29. g5 Nd5 30. Nxd5 Bxd5 31. Be4 Rac8 32. Bxd5 Rxd5 33. Rxd5 exd5 34. Kc1 Rc4 35. Rf1 Kg7 36. f5 Re4 37. Kd2 d6 38. Kd3 Rh4 39. Rf3 Rc4 40. Kd2 Re4 41. a3 a5 42. a4 d4 43. Kd3 d5 44. Kd2 f6 45. g6 Kf8 46. Kd3 Kg7 47. Rf2 Kh6 48. Rg2 Kg7 49. Re2 Re5 50. Rf2 Re4 51. Rf3 Kh6 1/2-1/2

[Event "PHI-ch"]
[Site "Manila"]
[Date "2015.10.24"]
[Round "1"]
[White "Abelgas, Roel"]
[Black "Docena, Jerad"]
[Result "0-1"]
[WhiteElo "2353"]
[BlackElo "2270"]
[PlyCount "90"]
[EventDate "2015.10.24"]
[EventType "tourn"]
[EventRounds "11"]
[EventCountry "PHI"]
[EventCategory "6"]
[SourceTitle "CBM 169 Extra"]
[Source "ChessBase"]
[SourceDate "2015.12.18"]
[SourceVersion "1"]
[SourceVersionDate "2015.12.18"]
[SourceQuality "1"]

1. d4 Nf6 2. c4 g6 3. Nc3 Bg7 4. Nf3 0-0 5. g3 d6 6. Bg2 Nbd7 7. 0-0 e5 8. h3 Re8 9. e4 exd4 10. Nxd4 a6 11. Be3 Rb8 12. Qc2 c5 13. Nde2 b5 14. cxb5 axb5 15. a4 bxa4 16. Rfd1 Qe7 17. Bf4 Ne5 18. Rxa4 Be6 19. Bxe5 dxe5 20. Nd5 Nxd5 21. exd5 Bf5 22. Qc1 e4 23. g4 e3 24. fxe3 Bc2 25. Qxc2 Qxe3+ 26. Kf1 Rxb2 27. Qd3 Qxe2+ 28. Qxe2 Rexe2 29. Ra8+ Bf8 30. Bh1 Kg7 31. d6 Rf2+ 32. Kg1 Rfd2 33. Rxd2 Rxd2 34. Bc6 Bxd6 35. Bb5 Be5 36. Rc8 Bd4+ 37. Kh1 Rc2 38. Rc7 Be5 39. Rb7 Rh2+ 40. Kg1 Rxh3 41. Bc4 Rf3 42. g5 Rf4 43. Bd5 Kf8 44. Kh1 Rf1+ 45. Kg2 Rf5 0-1

[Event "Wch U20 52nd"]
[Site "Kocaeli"]
[Date "2013.09.23"]
[Round "10"]
[White "Docena, Jerad"]
[Black "Sanal, Vahap"]
[Result "0-1"]
[WhiteElo "2227"]
[BlackElo "2419"]
[PlyCount "64"]
[EventDate "2013.09.13"]
[EventType "swiss"]
[EventRounds "13"]
[EventCountry "TUR"]
[SourceTitle "CBM 156 Extra"]
[Source "ChessBase"]
[SourceDate "2013.10.22"]
[SourceVersion "1"]
[SourceVersionDate "2013.10.22"]
[SourceQuality "1"]

1. e4 e5 2. Nf3 Nc6 3. d4 exd4 4. Nxd4 Bc5 5. Nb3 Bb6 6. Nc3 Nf6 7. Bg5 0-0 8. Qe2 h6 9. Bh4 Nd4 10. Qd3 Nxb3 11. cxb3 c6 12. 0-0-0 Bc7 13. f3 Re8 14. Kb1 b5 15. g4 a5 16. Qc2 Be5 17. g5 Nh5 18. Rg1 Bf4 19. Ne2 Be3 20. Rg2 d5 21. Qc3 hxg5 22. Qxe3 gxh4 23. Qh6 Qf6 24. Qxf6 Nxf6 25. Nd4 dxe4 26. fxe4 Rxe4 27. Bd3 Rxd4 28. Bh7+ Kxh7 29. Rxd4 Bf5+ 30. Kc1 h3 31. Rf2 g6 32. Rf3 Re8 0-1

[Event "Wch U20 52nd"]
[Site "Kocaeli"]
[Date "2013.09.22"]
[Round "9"]
[White "Notkevich, Benjamin Arvola"]
[Black "Docena, Jerad"]
[Result "0-1"]
[WhiteElo "2354"]
[BlackElo "2227"]
[PlyCount "92"]
[EventDate "2013.09.13"]
[EventType "swiss"]
[EventRounds "13"]
[EventCountry "TUR"]
[SourceTitle "CBM 156 Extra"]
[Source "ChessBase"]
[SourceDate "2013.10.22"]
[SourceVersion "1"]
[SourceVersionDate "2013.10.22"]
[SourceQuality "1"]

1. d4 Nf6 2. c4 e6 3. Nc3 Bb4 4. f3 Nc6 5. a3 Bxc3+ 6. bxc3 b6 7. e4 Ba6 8. Bg5 Na5 9. e5 h6 10. Bh4 g5 11. Bf2 Nh5 12. Qa4 f5 13. g3 Qc8 14. d5 exd5 15. cxd5 Bxf1 16. Kxf1 Qa6+ 17. Kg2 Rg8 18. Qc2 Ng7 19. Ne2 0-0-0 20. Nd4 Qc4 21. Qa2 Rde8 22. Rhe1 Re7 23. Re2 Kb7 24. g4 Rf8 25. Rae1 fxg4 26. fxg4 Qxc3 27. d6 cxd6 28. Qd5+ Nc6 29. Nb5 Rxf2+ 30. Kxf2 Qc5+ 31. Qxc5 dxc5 32. Kg3 Ne6 33. Rf2 Nf4 34. Nd6+ Kc7 35. Nf5 Re6 36. h4 Nd3 37. Rfe2 Nxe1 38. Rxe1 Rxe5 39. Rh1 Re6 40. hxg5 hxg5 41. Rh5 Rg6 42. Rh8 b5 43. Re8 a5 44. Kf3 b4 45. a4 c4 46. Re4 d5 0-1

[Event "Wch U20 52nd"]
[Site "Kocaeli"]
[Date "2013.09.19"]
[Round "7"]
[White "Cingoz, Ozan"]
[Black "Docena, Jerad"]
[Result "0-1"]
[WhiteElo "1918"]
[BlackElo "2227"]
[PlyCount "62"]
[EventDate "2013.09.13"]
[EventType "swiss"]
[EventRounds "13"]
[EventCountry "TUR"]
[SourceTitle "CBM 156 Extra"]
[Source "ChessBase"]
[SourceDate "2013.10.22"]
[SourceVersion "1"]
[SourceVersionDate "2013.10.22"]
[SourceQuality "1"]

1. e4 c5 2. Nf3 d6 3. d4 cxd4 4. Nxd4 Nf6 5. Nc3 Nc6 6. Bg5 e6 7. Qd2 a6 8. 0-0-0 Bd7 9. f4 b5 10. Bxb5 axb5 11. Ndxb5 Nb4 12. a3 Na2+ 13. Nxa2 Bxb5 14. e5 dxe5 15. Qxd8+ Rxd8 16. Rxd8+ Kxd8 17. fxe5 h6 18. Bxf6+ gxf6 19. exf6 Rg8 20. g3 Rg5 21. Nc3 Bc6 22. Rf1 Rh5 23. Rf2 Bc5 24. Rd2+ Kc7 25. Nd1 Bg1 26. h4 Rf5 27. b4 Rxf6 28. Rd3 Rf3 29. Rxf3 Bxf3 30. Nc3 Bf2 31. Nb5+ Kd7 0-1

[Event "ASEAN-ch U16 14th"]
[Site "Chiangmai"]
[Date "2013.06.10"]
[Round "4"]
[White "Khumnorkaew, Tupfah"]
[Black "Docena, Jerad"]
[Result "0-1"]
[WhiteElo "1882"]
[BlackElo "2004"]
[PlyCount "76"]
[EventDate "2013.06.08"]
[EventType "swiss"]
[EventRounds "9"]
[EventCountry "THA"]
[SourceTitle "EXT 2014"]
[Source "ChessBase"]
[SourceDate "2013.11.20"]
[SourceVersion "1"]
[SourceVersionDate "2013.11.20"]
[SourceQuality "1"]

1. d4 Nf6 2. c4 g6 3. Nc3 Bg7 4. e4 d6 5. f3 0-0 6. Be3 Nc6 7. Qd2 e5 8. d5 Nd4 9. Nge2 Nxe2 10. Bxe2 Nh5 11. g4 Nf4 12. Bxf4 exf4 13. h4 Be5 14. Bf1 a6 15. Ne2 c5 16. a4 Bd7 17. a5 b5 18. axb6 Qxb6 19. Nxf4 Qxb2 20. Qxb2 Bxb2 21. Ra2 Rfb8 22. Kd2 a5 23. Kc2 Bd4 24. Ne2 Be5 25. f4 Bg7 26. g5 Rb4 27. Nc3 a4 28. Bd3 Rb3 29. e5 dxe5 30. Nxa4 Rbb8 31. Nc3 Rxa2+ 32. Nxa2 e4 33. Bxe4 Rb2+ 34. Kd3 Rxa2 35. Rb1 Rb2 36. Rf1 Bd4 37. f5 Ba4 38. Rc1 Rb3+ 0-1

[Event "Asian Continental op 12th"]
[Site "Manila"]
[Date "2013.05.22"]
[Round "5"]
[White "Docena, Jerad"]
[Black "Pascua, Haridas"]
[Result "1-0"]
[WhiteElo "2055"]
[BlackElo "2413"]
[PlyCount "51"]
[EventDate "2013.05.18"]
[EventType "swiss"]
[EventRounds "9"]
[EventCountry "PHI"]
[SourceTitle "CBM 154 Extra"]
[Source "ChessBase"]
[SourceDate "2013.06.25"]
[SourceVersion "2"]
[SourceVersionDate "2013.06.25"]
[SourceQuality "1"]

1. e4 g6 2. d4 Bg7 3. Nc3 c6 4. Be3 d5 5. Nf3 Nf6 6. e5 Nfd7 7. h4 h6 8. e6 fxe6 9. Bd3 Nf8 10. Bf4 Nbd7 11. Qe2 Qb6 12. 0-0-0 c5 13. Nb5 Kf7 14. Nc7 Rb8 15. c3 cxd4 16. cxd4 e5 17. Nxe5+ Nxe5 18. Bxe5 Bg4 19. f3 Rc8 20. Kb1 Be6 21. Bxg7 Kxg7 22. Qe5+ Kh7 23. Nxd5 Qd8 24. Nf4 Qd6 25. Rde1 Qxe5 26. Rxe5 1-0

[Event "Asian Continental op 12th"]
[Site "Manila"]
[Date "2013.05.19"]
[Round "2"]
[White "Murshed, Niaz"]
[Black "Docena, Jerad"]
[Result "1-0"]
[WhiteElo "2480"]
[BlackElo "2055"]
[PlyCount "119"]
[EventDate "2013.05.18"]
[EventType "swiss"]
[EventRounds "9"]
[EventCountry "PHI"]
[SourceTitle "CBM 154 Extra"]
[Source "ChessBase"]
[SourceDate "2013.06.25"]
[SourceVersion "2"]
[SourceVersionDate "2013.06.25"]
[SourceQuality "1"]

1. d4 Nf6 2. c4 g6 3. Nc3 Bg7 4. e4 d6 5. Be2 0-0 6. Bg5 c5 7. d5 Qa5 8. Bd2 a6 9. Nf3 Bg4 10. 0-0 Nbd7 11. h3 Bxf3 12. Bxf3 b5 13. Nxb5 Qb6 14. Nc3 Qxb2 15. Rb1 Qa3 16. Rb3 Qa5 17. Qc2 Rfb8 18. Bd1 Qc7 19. Kh1 Nb6 20. Be2 Nfd7 21. f4 Ra7 22. Nd1 Rab7 23. Nf2 Nc8 24. Nd3 Bd4 25. Bg4 Rxb3 26. axb3 Qb7 27. Nc1 Ncb6 28. Nd3 Nf6 29. Bf3 Nbd7 30. Rb1 Qb6 31. Nc1 Ne8 32. Qa2 Qb7 33. Nd3 Nef6 34. Qc2 Qb6 35. g4 a5 36. Qa2 Qa6 37. Rc1 Qb6 38. Rb1 Qa6 39. Qxa5 Qxa5 40. Bxa5 Ra8 41. Be1 Nb6 42. e5 Ne8 43. Bf2 Bxf2 44. Nxf2 Ra2 45. Ne4 Nd7 46. b4 cxb4 47. Rxb4 Ra7 48. e6 fxe6 49. dxe6 Ndf6 50. Nxf6+ Nxf6 51. g5 Nh5 52. Bxh5 gxh5 53. Rb8+ Kg7 54. f5 h6 55. h4 Rc7 56. Rd8 Rxc4 57. f6+ exf6 58. e7 Rxh4+ 59. Kg2 Re4 60. gxf6+ 1-0